[Event "CAN-op U2000"]
[Site "Kitchener CAN"]
[Date "2006.07.20"]
[Round "6"]
[White "Bowles, Charles"]
[Black "Goodman, Kevin"]
[Result "0-1"]
[WhiteElo "1629"]
[BlackElo "1870"]
[PlyCount "64"]
[EventDate "2006.07.15"]
[EventType "swiss"]
[EventRounds "9"]
[EventCountry "CAN"]

1. e4 e6 2. d4 d5 3. Nc3 Bb4 4. e5 c5 5. a3 Bxc3+ 6. bxc3 Qc7 7. Be3 cxd4 8.
Bxd4 Nc6 9. Nf3 Nge7 10. Bd3 Nxd4 11. cxd4 Qc3+ 12. Ke2 Bd7 13. Rb1 Nc6 14. Re1
Rb8 15. Bb5 a6 16. Rb3 Qa5 17. Bxc6 Bxc6 18. Kf1 Bb5+ 19. Kg1 O-O 20. Qa1 Rfc8
21. Qb2 Rc7 22. c3 Ba4 23. Rb4 b5 24. Rb1 Rbc8 25. Nd2 Rxc3 26. Nb3 Bxb3 27.
Rxb3 Rxb3 28. Qxb3 Qc3 29. Qd1 Qc2 30. Qe1 h6 31. h3 Qc3 32. Qd1 Rc4 0-1

[Event "CAN-op U2000"]
[Site "Kitchener CAN"]
[Date "2006.07.20"]
[Round "6"]
[White "Dragan, Cristian"]
[Black "Hendon, Lee"]
[Result "1/2-1/2"]
[WhiteElo "1430"]
[BlackElo "1654"]
[PlyCount "85"]
[EventDate "2006.07.15"]
[EventType "swiss"]
[EventRounds "9"]
[EventCountry "CAN"]

1. e4 c5 2. Nc3 Nc6 3. f4 d6 4. Nf3 Nf6 5. d3 g6 6. Be3 Bg7 7. g3 Qa5 8. Qd2
Bd7 9. Bg2 Ng4 10. Bg1 b5 11. h3 Nh6 12. Be3 b4 13. Nd1 f5 14. O-O Qc7 15. Nh4
O-O 16. exf5 Nxf5 17. Nxf5 Bxf5 18. g4 Be6 19. Be4 d5 20. Bg2 d4 21. Bf2 Rad8
22. b3 Bd5 23. Bxd5+ Rxd5 24. Bg3 e5 25. Nb2 exf4 26. Rxf4 Rxf4 27. Bxf4 Be5
28. Rf1 Nd8 29. Qg2 Rd7 30. Qe4 Nf7 31. Bxe5 Qxe5 32. Qxe5 Nxe5 33. Nc4 Nxc4
34. bxc4 Rf7 35. Rxf7 Kxf7 36. Kf2 Ke6 37. Kf3 Ke5 38. Kg3 g5 39. h4 h6 40.
hxg5 hxg5 41. Kf3 a5 42. Kg3 a4 43. Kf3 1/2-1/2

[Event "CAN-op U2000"]
[Site "Kitchener CAN"]
[Date "2006.07.20"]
[Round "6"]
[White "Ferreira, Alex"]
[Black "Heinisch, Peter"]
[Result "1/2-1/2"]
[WhiteElo "1855"]
[BlackElo "1712"]
[PlyCount "123"]
[EventDate "2006.07.15"]
[EventType "swiss"]
[EventRounds "9"]
[EventCountry "CAN"]

1. g4 e5 2. Bg2 d5 3. d3 Bxg4 4. c4 Bc5 5. cxd5 Qh4 6. Qa4+ Nd7 7. e3 Qh5 8.
Nc3 O-O-O 9. Ne4 Bb6 10. h3 Bf5 11. Ng3 Qg6 12. e4 Nc5 13. exf5 Nxd3+ 14. Kd2
Nc5 15. fxg6 Nxa4 16. b3 Bd4 17. gxf7 Nh6 18. Rb1 Nc3 19. Kc2 Nxb1 20. Bxh6
Na3+ 21. Kc1 gxh6 22. Be4 Kb8 23. Nf5 Bxf2 24. Nf3 Rhf8 25. Nxe5 Bc5 26. Rf1
Nb5 27. Kc2 Nd6 28. Nxd6 Bxd6 29. Ng4 h5 30. Ne3 Rd7 31. Rf5 Rdxf7 32. Rxh5
Rf2+ 33. Kd3 Rxa2 34. Rxh7 Ra3 35. Kc4 b5+ 36. Kc3 a5 37. Nf5 Be5+ 38. Kc2 Ra2+
39. Kc1 Re8 40. Ne7 Bd6 41. Nc6+ Kb7 42. Bc2 Re1+ 43. Kd2 Rf1 44. Kc3 Rc1 45.
Nd4 Be5 46. Kd2 Rg1 47. Nf3 Rg2+ 48. Ke3 Bd6 49. Be4 Rgb2 50. Nd4 Kb6 51. Rh6
Kc5 52. Bd3 Bf4+ 53. Kxf4 Kxd4 54. Bxb5 Rxb3 55. Bc6 Rf2+ 56. Kg4 Rf7 57. h4
Rb1 58. Rh8 Rg1+ 59. Kh3 a4 60. Bxa4 Rf3+ 61. Kh2 Rfg3 62. Rh7 1/2-1/2

[Event "CAN-op U2000"]
[Site "Kitchener CAN"]
[Date "2006.07.20"]
[Round "6"]
[White "Gaciu, Vlad"]
[Black "Me, Kevin"]
[Result "1-0"]
[WhiteElo "1701"]
[BlackElo "1817"]
[PlyCount "41"]
[EventDate "2006.07.15"]
[EventType "swiss"]
[EventRounds "9"]
[EventCountry "CAN"]

1. e4 c5 2. f4 d6 3. Nf3 Nc6 4. Bb5 Bd7 5. Nc3 g6 6. d3 Bg7 7. Bxc6 bxc6 8. O-O
Rb8 9. Qe1 e6 10. f5 exf5 11. exf5+ Qe7 12. Ne4 d5 13. Qg3 Rb6 14. Nd6+ Kf8 15.
fxg6 hxg6 16. Nxf7 Rh5 17. N3e5 Bf5 18. Nxg6+ Bxg6 19. Nh8+ Qf7 20. Qd6+ Ke8
21. Nxf7 1-0

[Event "CAN-op U2000"]
[Site "Kitchener CAN"]
[Date "2006.07.20"]
[Round "6"]
[White "Garel, Rick"]
[Black "Mattson, Marvin"]
[Result "0-1"]
[WhiteElo "1861"]
[BlackElo "1718"]
[PlyCount "46"]
[EventDate "2006.07.15"]
[EventType "swiss"]
[EventRounds "9"]
[EventCountry "CAN"]

1. e4 e6 2. d4 d5 3. Nc3 Bb4 4. e5 c5 5. a3 cxd4 6. Qxd4 Nc6 7. Bb5 Ba5 8. Nf3
Bb6 9. Qg4 Nge7 10. O-O Ng6 11. Ne2 a6 12. Ba4 Bd7 13. c4 dxc4 14. Bc2 Bc7 15.
Bxg6 hxg6 16. Qf4 Qb8 17. Qxc4 Nxe5 18. Nxe5 Bxe5 19. f4 Bb5 20. Qe4 Bf6 21.
Re1 Bc6 22. Qb4 Qa7+ 23. Kh1 Qf2 0-1

[Event "CAN-op U2000"]
[Site "Kitchener CAN"]
[Date "2006.07.20"]
[Round "6"]
[White "Gillanders, Robert"]
[Black "Upper, John"]
[Result "0-1"]
[WhiteElo "1805"]
[BlackElo "1993"]
[PlyCount "74"]
[EventDate "2006.07.15"]
[EventType "swiss"]
[EventRounds "9"]
[EventCountry "CAN"]

1. e4 e6 2. d4 d5 3. Nc3 Nf6 4. e5 Nfd7 5. Nf3 c5 6. Be3 Nc6 7. Be2 cxd4 8.
Bxd4 Nxd4 9. Qxd4 Bc5 10. Qg4 O-O 11. O-O f5 12. Qh5 Qe7 13. Bd3 a6 14. a3 b5
15. b4 g6 16. Qh6 Ba7 17. a4 bxa4 18. Rxa4 Bb7 19. Ne2 Bb8 20. Re1 Nxe5 21.
Nxe5 Bxe5 22. Qe3 Bd6 23. Nd4 e5 24. Qh6 Qd7 25. Bxf5 gxf5 26. Ne6 Rf7 27. Ng5
Rg7 28. Ra3 Rg6 29. Qh5 d4 30. Rh3 Qg7 31. Nxh7 Bxg2 32. Rg3 Rxg3 33. hxg3 Qxh7
34. Qg5+ Kf7 35. Kxg2 Rh8 36. Rg1 Qh3+ 37. Kf3 e4+ 0-1

[Event "CAN-op U2000"]
[Site "Kitchener CAN"]
[Date "2006.07.20"]
[Round "6"]
[White "Humphreys, Michael"]
[Black "Doucette, Patrick"]
[Result "1-0"]
[WhiteElo "1535"]
[BlackElo "1850"]
[PlyCount "114"]
[EventDate "2006.07.15"]
[EventType "swiss"]
[EventRounds "9"]
[EventCountry "CAN"]

1. Nf3 Nf6 2. c4 c5 3. Nc3 g6 4. g3 Bg7 5. Bg2 O-O 6. O-O Nc6 7. d4 cxd4 8.
Nxd4 Nxd4 9. Qxd4 d6 10. e4 Be6 11. Qd3 Qc7 12. b3 a6 13. Bb2 Ng4 14. Rac1 Qc5
15. Na4 Qh5 16. h3 Ne5 17. Qd1 Qh6 18. Bc3 Nd7 19. Bd2 g5 20. h4 f6 21. Be3 b5
22. cxb5 axb5 23. Nc3 b4 24. Na4 Qg6 25. h5 Qf7 26. g4 Ne5 27. f3 Bd7 28. Rf2
Bxa4 29. bxa4 Nc4 30. Bd2 Rfb8 31. Bf1 Nxd2 32. Rxd2 Qe8 33. Qb3+ Kf8 34. Bb5
Qd8 35. Qxb4 Qb6+ 36. Kg2 Qe3 37. Rdc2 Rd8 38. Qd2 Qxd2+ 39. Rxd2 Rdc8 40. Rdc2
Rxc2+ 41. Rxc2 Ra7 42. Rc6 Kf7 43. Kf2 Ke6 44. Ke3 Ke5 45. Ra6 Rc7 46. Bd3 e6
47. Ra5+ d5 48. exd5 exd5 49. Bxh7 Bf8 50. Bd3 Bc5+ 51. Ke2 Kd4 52. Rb5 Re7+
53. Kd2 Bd6 54. Rb3 Bf4+ 55. Kd1 Rc7 56. h6 Ke3 57. h7 Rc8 1-0

[Event "CAN-op U2000"]
[Site "Kitchener CAN"]
[Date "2006.07.20"]
[Round "6"]
[White "Kiss, Istvan3"]
[Black "White, Chris"]
[Result "1-0"]
[WhiteElo "1825"]
[BlackElo "1552"]
[PlyCount "79"]
[EventDate "2006.07.15"]
[EventType "swiss"]
[EventRounds "9"]
[EventCountry "CAN"]

1. e4 e6 2. d4 d5 3. Nc3 dxe4 4. Nxe4 Nd7 5. Nf3 Ngf6 6. Nxf6+ Nxf6 7. Bd3 h6
8. c3 b6 9. Bf4 Bb7 10. h3 Be7 11. Qe2 a5 12. O-O O-O 13. Rfe1 Re8 14. Rad1 Bd6
15. Ne5 Rc8 16. Qd2 Bf8 17. Ng4 Nxg4 18. hxg4 Qh4 19. f3 c5 20. Re5 Bd6 21. Rh5
Bxf4 22. Qxf4 Qf6 23. Qxf6 gxf6 24. Rxh6 cxd4 25. cxd4 Kg7 26. Rh7+ Kg8 27. Kf2
f5 28. Rdh1 fxg4 29. R1h4 gxf3 30. gxf3 Kf8 31. Rf4 Rc7 32. Bg6 Ree7 33. Bd3 f5
34. Rh8+ Kg7 35. Rfh4 Bd5 36. a3 Rf7 37. R4h6 Rfe7 38. Kg3 Rc1 39. Kf4 Rg1 40.
R6h7+ 1-0

[Event "CAN-op U2000"]
[Site "Kitchener CAN"]
[Date "2006.07.20"]
[Round "6"]
[White "Luiting, Larry"]
[Black "Cheng, Jack"]
[Result "1/2-1/2"]
[WhiteElo "1617"]
[BlackElo "1719"]
[PlyCount "83"]
[EventDate "2006.07.15"]
[EventType "swiss"]
[EventRounds "9"]
[EventCountry "CAN"]

1. e4 e5 2. Nf3 Nc6 3. Bb5 a6 4. Ba4 Nf6 5. O-O Be7 6. Re1 b5 7. Bb3 d6 8. c3
O-O 9. h3 Na5 10. Bc2 c5 11. d4 Qc7 12. Nbd2 cxd4 13. cxd4 Nc6 14. Nf1 exd4 15.
Nxd4 Nxd4 16. Bd3 Nc6 17. Bf4 Ne5 18. Bc2 Bb7 19. Rc1 Qd8 20. b3 Rc8 21. Bh2
Qb6 22. Qe2 Rfe8 23. Kh1 Nc6 24. Red1 Nb4 25. Bb1 Rxc1 26. Rxc1 a5 27. f4 Bf8
28. Bg1 Qd8 29. Ng3 Qa8 30. a3 Na6 31. e5 Nd5 32. Qd3 g6 33. Nh5 dxe5 34. fxe5
Rxe5 35. Ng3 Bxa3 36. Rf1 Qe8 37. Bd4 Re1 38. Ne4 Rxf1+ 39. Qxf1 Be7 40. Bd3
Nac7 41. Qf3 Qc6 42. Qg4 1/2-1/2

[Event "CAN-op U2000"]
[Site "Kitchener CAN"]
[Date "2006.07.20"]
[Round "6"]
[White "McGlynn, Danny"]
[Black "Dangberg, Karl"]
[Result "1-0"]
[WhiteElo "1776"]
[BlackElo "1663"]
[PlyCount "71"]
[EventDate "2006.07.15"]
[EventType "swiss"]
[EventRounds "9"]
[EventCountry "CAN"]

1. e4 b6 2. Nc3 e6 3. Bc4 Bb7 4. Qe2 Nc6 5. Nf3 g6 6. d3 Bg7 7. Bg5 f6 8. Bh4
a6 9. O-O-O Qe7 10. d4 g5 11. Bg3 b5 12. d5 bxc4 13. dxc6 Bxc6 14. Qxc4 Nh6 15.
Bxc7 Nf7 16. Nd4 O-O 17. Nxc6 dxc6 18. Ba5 Rfb8 19. Na4 Rb5 20. Qxc6 Rab8 21.
Bc3 g4 22. Rd7 Bh6+ 23. Kb1 Qa3 24. Qxe6 Qf8 25. Bxf6 Bg7 26. Qxg4 Rb4 27. Nc5
h5 28. Qg6 a5 29. Ne6 Rxb2+ 30. Bxb2 Rxb2+ 31. Kc1 Rb1+ 32. Kxb1 Qb4+ 33. Kc1
Qb2+ 34. Kd2 Qb4+ 35. Ke3 Qb6+ 36. Rd4 1-0

[Event "CAN-op U2000"]
[Site "Kitchener CAN"]
[Date "2006.07.20"]
[Round "6"]
[White "McKay, Brian"]
[Black "Schaefer, Klaus"]
[Result "1-0"]
[WhiteElo "1720"]
[BlackElo "1740"]
[PlyCount "71"]
[EventDate "2006.07.15"]
[EventType "swiss"]
[EventRounds "9"]
[EventCountry "CAN"]

1. d4 d5 2. Nf3 e6 3. Bf4 Bd6 4. Ne5 f6 5. Nd3 Ne7 6. e3 O-O 7. Nd2 Ng6 8. Bg3
e5 9. c3 e4 10. Nb4 c6 11. Qb3 f5 12. Nxd5 Be6 13. Qxb7 Bxg3 14. hxg3 Bxd5 15.
Qxa8 Qb6 16. c4 Nd7 17. Qxf8+ Ndxf8 18. cxd5 Qxb2 19. Rb1 Qxa2 20. dxc6 Kh8 21.
Bc4 Qa5 22. Ke2 Qc7 23. d5 Ne5 24. Rb7 Qa5 25. Rb8 Qa3 26. Rd1 Qd6 27. c7 Ned7
28. c8=Q Nxb8 29. Rb1 Nbd7 30. Bb5 Nb6 31. Qc6 Qd8 32. d6 Nc8 33. d7 Nb6 34.
Qd6 Nfxd7 35. Bxd7 Nxd7 36. Qxd7 1-0

[Event "CAN-op U2000"]
[Site "Kitchener CAN"]
[Date "2006.07.20"]
[Round "6"]
[White "Phillips, Patrick"]
[Black "Ramenaden, Matthew"]
[Result "0-1"]
[WhiteElo "1701"]
[BlackElo "1784"]
[PlyCount "96"]
[EventDate "2006.07.15"]
[EventType "swiss"]
[EventRounds "9"]
[EventCountry "CAN"]

1. e4 c5 2. b4 cxb4 3. a3 Nf6 4. e5 Nd5 5. axb4 Nxb4 6. c3 N4c6 7. d4 d5 8. Bd3
Bd7 9. Nf3 Qc8 10. Na3 Bf5 11. Bxf5 Qxf5 12. Nb5 Qc8 13. O-O e6 14. Ba3 Bxa3
15. Rxa3 O-O 16. Nd6 Qc7 17. Qb1 b6 18. Ng5 g6 19. h4 h6 20. Nxe6 fxe6 21.
Qxg6+ Qg7 22. Qxe6+ Kh7 23. Qxd5 Rf4 24. Ne8 Qd7 25. Nf6+ Rxf6 26. Qxd7+ Nxd7
27. exf6 Nxf6 28. Re1 Na5 29. Re6 Kg7 30. Rxa5 bxa5 31. Ra6 Nd5 32. c4 Nb4 33.
Rxa5 Nc6 34. Rd5 a5 35. Rd7+ Kf8 36. Rd6 a4 37. Rxc6 a3 38. Rxh6 Ra4 39. g4 a2
40. Rf6+ Ke7 41. g5 a1=Q+ 42. Kg2 Qxd4 43. Kg3 Rxc4 44. f4 Qg1+ 45. Kf3 Rc3+
46. Ke4 Qg4 47. Rh6 Rc4+ 48. Ke5 Qxf4+ 0-1

[Event "CAN-op U2000"]
[Site "Kitchener CAN"]
[Date "2006.07.20"]
[Round "6"]
[White "Saxena, Sanjay"]
[Black "Ritchie, Gordon"]
[Result "0-1"]
[WhiteElo "1699"]
[BlackElo "1787"]
[PlyCount "30"]
[EventDate "2006.07.15"]
[EventType "swiss"]
[EventRounds "9"]
[EventCountry "CAN"]

1. e4 c6 2. d4 d5 3. exd5 cxd5 4. Nf3 Nf6 5. Bd3 Nc6 6. c3 Bg4 7. Nbd2 e6 8. h3
Bh5 9. Qb3 Qc7 10. g4 Bg6 11. Bxg6 hxg6 12. Nh2 Bd6 13. g5 Rxh3 14. gxf6 gxf6
15. Ndf3 O-O-O 0-1

[Event "CAN-op U2000"]
[Site "Kitchener CAN"]
[Date "2006.07.20"]
[Round "6"]
[White "Solis, Jaime"]
[Black "Sadler, Craig"]
[Result "1-0"]
[WhiteElo "1805"]
[BlackElo "1484"]
[PlyCount "115"]
[EventDate "2006.07.15"]
[EventType "swiss"]
[EventRounds "9"]
[EventCountry "CAN"]

1. e4 c6 2. d4 d5 3. e5 Bf5 4. Nf3 e6 5. Bd3 Bxd3 6. Qxd3 Ne7 7. c3 Nd7 8. Bf4
c5 9. Nbd2 cxd4 10. cxd4 Ng6 11. Bg3 Bb4 12. O-O Bxd2 13. Qxd2 O-O 14. h3 Rc8
15. Rfc1 Qb6 16. h4 Rc6 17. h5 Ne7 18. b3 h6 19. Bf4 Kh7 20. Qd3+ g6 21. Qd2 g5
22. Be3 f5 23. Rxc6 Qxc6 24. Qb4 Re8 25. Rc1 Qb6 26. Qxb6 Nxb6 27. Rc7 Kg8 28.
g3 Nc6 29. Rxb7 Re7 30. Rxe7 Nxe7 31. Ne1 Nc6 32. Nc2 Nd7 33. Kf1 Ndb8 34. Ke2
Na6 35. Bd2 Nc7 36. Kd3 Ne8 37. f3 Kf7 38. g4 f4 39. b4 Nc7 40. a4 a6 41. Na1
Nd8 42. Nb3 Ke7 43. Nc5 Kf7 44. Bc3 Ke7 45. Kc2 Nc6 46. Kb3 Na7 47. Nd3 Kf7 48.
Nc5 Ke7 49. Nb7 Nc8 50. Bd2 Nb6 51. Nd6 Nd7 52. b5 axb5 53. axb5 Nb6 54. Bb4
Kd7 55. Bc5 Nxb5 56. Bxb6 Nxd6 57. exd6 Kc6 58. Bc5 1-0

[Event "CAN-op U2000"]
[Site "Kitchener CAN"]
[Date "2006.07.20"]
[Round "6"]
[White "Supsup, Ferdinand"]
[Black "Cunningham, Ross"]
[Result "1-0"]
[WhiteElo "1880"]
[BlackElo "1517"]
[PlyCount "97"]
[EventDate "2006.07.15"]
[EventType "swiss"]
[EventRounds "9"]
[EventCountry "CAN"]

1. e4 c5 2. Nf3 d6 3. d3 Nc6 4. g3 g6 5. Bg2 Bg7 6. O-O Bg4 7. h3 Bd7 8. Nbd2
Qc8 9. Kh2 h5 10. Nc4 Qc7 11. Nh4 Bf6 12. Nf3 h4 13. c3 Qc8 14. Ng1 g5 15. g4
b5 16. Ne3 e6 17. Nf3 Ne5 18. Nc2 Nxf3+ 19. Bxf3 Be7 20. d4 f5 21. exf5 exf5
22. Bxa8 Qxa8 23. f3 d5 24. Qe2 Qb8+ 25. Kh1 Rh6 26. Qh2 Bd6 27. Re1+ Kf8 28.
Qg2 Rg6 29. Bd2 Bg3 30. Re2 fxg4 31. fxg4 Kg7 32. Be1 Bf4 33. Bf2 cxd4 34.
Bxd4+ Kh6 35. Rae1 Bc6 36. Re6 Qc8 37. Qe2 Bd7 38. Rxg6+ Kxg6 39. Qd3+ Kh6 40.
Qe2 Kg6 41. Nb4 Qb7 42. Nd3 Bg3 43. Ne5+ Kh6 44. Rf1 Be6 45. Nd3 Qc6 46. Qf3
Bd6 47. Ne5 Qc7 48. Nf7+ Kg6 49. Qd3+ 1-0

[Event "CAN-op U2000"]
[Site "Kitchener CAN"]
[Date "2006.07.21"]
[Round "7"]
[White "Bergeron, Florian"]
[Black "Heinisch, Peter"]
[Result "1-0"]
[WhiteElo "1814"]
[BlackElo "1712"]
[PlyCount "91"]
[EventDate "2006.07.15"]
[EventType "swiss"]
[EventRounds "9"]
[EventCountry "CAN"]

1. d4 Nf6 2. c4 e6 3. a3 d5 4. e3 Be7 5. Nf3 O-O 6. Nc3 dxc4 7. Bxc4 b6 8. Qe2
Bb7 9. e4 Re8 10. O-O c5 11. dxc5 Bxc5 12. Bg5 Be7 13. Rfd1 Qc8 14. Rac1 Ba6
15. Nb5 Qb7 16. Nc7 Bxc4 17. Rxc4 Rc8 18. Nxa8 Bc5 19. Bxf6 gxf6 20. b4 Be7 21.
Rdc1 Rxc4 22. Qxc4 Qxa8 23. Qc8+ Kg7 24. h3 Bd6 25. Qd8 Bf4 26. Rc4 b5 27. Rd4
Qc6 28. g3 Bc7 29. Qc8 Qb6 30. Kg2 a5 31. bxa5 Qxa5 32. Qb7 Bb6 33. Rd3 Na6 34.
Rd6 Bc5 35. Rxa6 Qc3 36. Qxb5 Qc2 37. Qf1 Qxe4 38. a4 h5 39. h4 f5 40. Ra5 Bb6
41. Rb5 Ba7 42. a5 f6 43. a6 Kg6 44. Rb7 Bc5 45. Qd1 f4 46. Qd7 1-0

[Event "CAN-op U2000"]
[Site "Kitchener CAN"]
[Date "2006.07.21"]
[Round "7"]
[White "Cashin, Ken"]
[Black "Dragan, Cristian"]
[Result "1-0"]
[WhiteElo "1699"]
[BlackElo "1430"]
[PlyCount "27"]
[EventDate "2006.07.15"]
[EventType "swiss"]
[EventRounds "9"]
[EventCountry "CAN"]

1. e4 e6 2. d4 d5 3. e5 c5 4. c3 Nc6 5. Nf3 Qb6 6. Bd3 Nh6 7. Bxh6 Qxb2 8. Bc1
Qxa1 9. Qc2 cxd4 10. O-O dxc3 11. Nxc3 Nb4 12. Bb5+ Kd8 13. Qb3 a6 14. Bg5+ 1-0

[Event "CAN-op U2000"]
[Site "Kitchener CAN"]
[Date "2006.07.21"]
[Round "7"]
[White "Coleman, Mike"]
[Black "Palmer, Jordan"]
[Result "1/2-1/2"]
[WhiteElo "1998"]
[BlackElo "1897"]
[PlyCount "39"]
[EventDate "2006.07.15"]
[EventType "swiss"]
[EventRounds "9"]
[EventCountry "CAN"]

1. e4 d5 2. exd5 Nf6 3. c4 c6 4. d4 cxd5 5. Nc3 Nc6 6. Nf3 e6 7. c5 Ne4 8. Bf4
Be7 9. Rc1 O-O 10. Be2 g5 11. Bg3 f5 12. Be5 g4 13. Nd2 Nxe5 14. Ncxe4 Nc6 15.
Nd6 Bxd6 16. cxd6 Qxd6 17. Nb3 Rf6 18. Qd2 Qf8 19. Rc3 Qh6 20. Qd1 1/2-1/2

[Event "CAN-op U2000"]
[Site "Kitchener CAN"]
[Date "2006.07.21"]
[Round "7"]
[White "Faust, Steven"]
[Black "Thorvardson, Barry"]
[Result "1/2-1/2"]
[WhiteElo "1729"]
[BlackElo "1853"]
[PlyCount "159"]
[EventDate "2006.07.15"]
[EventType "swiss"]
[EventRounds "9"]
[EventCountry "CAN"]

1. Nf3 g6 2. c4 Bg7 3. Nc3 b6 4. g3 Bb7 5. Bg2 c5 6. O-O e6 7. d4 cxd4 8. Nxd4
Bxg2 9. Kxg2 Ne7 10. Bg5 h6 11. Bxe7 Qxe7 12. e3 O-O 13. Rc1 Na6 14. b3 Rfd8
15. Qf3 Nc5 16. Rfd1 e5 17. Nd5 Qf8 18. Nb5 e4 19. Qe2 Nd3 20. Rc2 Be5 21. f3
a6 22. Nbc3 Bxc3 23. Rxc3 Rab8 24. fxe4 Ne5 25. Qf2 Rb7 26. Rf1 d6 27. h3 Rc8
28. Qd2 Kg7 29. Rc2 Qe8 30. Qd4 b5 31. Rfc1 bxc4 32. Rxc4 Rxc4 33. Rxc4 Qd8 34.
Rc2 Qa5 35. Qc3 Qb5 36. Kf2 f5 37. Nc7 Qd7 38. exf5 Qxf5+ 39. Kg2 Qe4+ 40. Kh2
Kg8 41. Rf2 Rb8 42. Ne6 Ng4+ 43. hxg4 Qxe6 44. Qf6 Re8 45. Kg2 Kh7 46. Qc3 Re7
47. Rf8 Qd5+ 48. Kh2 Qe5 49. Qxe5 Rxe5 50. Ra8 a5 51. Kg2 Rc5 52. Kf3 Kg7 53.
Ra6 Kf7 54. Rxd6 Rc2 55. a4 Rc5 56. Ke4 Rg5 57. Kf4 Rc5 58. Rb6 Rc7 59. e4 Rc3
60. e5 g5+ 61. Ke4 Rxg3 62. Rxh6 Rxg4+ 63. Kf5 Rg3 64. Ra6 g4 65. Rf6+ Ke7 66.
Rg6 Rf3+ 67. Kxg4 Rxb3 68. Kf5 Rf3+ 69. Ke4 Ra3 70. Kd5 Rxa4 71. Rg7+ Kf8 72.
Ra7 Ra1 73. Ke6 a4 74. Ra8+ Kg7 75. Ke7 a3 76. e6 a2 77. Ra7 Kg6 78. Ra5 Kh6
79. Ke8 Re1 80. Rxa2 1/2-1/2

[Event "CAN-op U2000"]
[Site "Kitchener CAN"]
[Date "2006.07.21"]
[Round "7"]
[White "Goodman, Kevin"]
[Black "Armstrong, Robert J"]
[Result "1-0"]
[WhiteElo "1870"]
[BlackElo "1673"]
[PlyCount "107"]
[EventDate "2006.07.15"]
[EventType "swiss"]
[EventRounds "9"]
[EventCountry "CAN"]

1. d4 g6 2. c4 Bg7 3. Nc3 d6 4. e4 Nf6 5. Be2 O-O 6. Nf3 c5 7. O-O cxd4 8. Nxd4
Nbd7 9. Be3 a6 10. f4 Qc7 11. Nd5 Nxd5 12. cxd5 Nf6 13. Rc1 Qa5 14. Nb3 Qd8 15.
Bf3 h5 16. h3 e6 17. dxe6 Bxe6 18. Nd4 Qe7 19. f5 Bd7 20. fxg6 fxg6 21. Qb3+
Kh7 22. Rc7 Qe5 23. Ne2 Bc6 24. Bf4 Qc5+ 25. Kh1 Rad8 26. Rd1 Ne8 27. Rf7 Rxf7
28. Qxf7 Nf6 29. Nd4 Rd7 30. Qb3 Nxe4 31. Ne6 Nf2+ 32. Kg1 Nxh3+ 33. Kh2 Qf5
34. Bxc6 bxc6 35. gxh3 Be5 36. Bxe5 Qxe5+ 37. Kg1 Re7 38. Nd4 Qg5+ 39. Kf1 Re3
40. Qc2 c5 41. Ne2 Qh4 42. Ng1 Qf4+ 43. Qf2 Qc4+ 44. Kg2 Qe4+ 45. Kh2 Qe5+ 46.
Kh1 Qe4+ 47. Qg2 Qh4 48. Rxd6 Rg3 49. Rd7+ Kh6 50. Qd2+ Rg5 51. Qe2 Qg3 52. Rd1
Re5 53. Qg2 Qh4 54. Nf3 1-0

[Event "CAN-op U2000"]
[Site "Kitchener CAN"]
[Date "2006.07.21"]
[Round "7"]
[White "Le, Ken"]
[Black "Saxena, Sanjay"]
[Result "1/2-1/2"]
[WhiteElo "1737"]
[BlackElo "1699"]
[PlyCount "242"]
[EventDate "2006.07.15"]
[EventType "swiss"]
[EventRounds "9"]
[EventCountry "CAN"]

1. a4 e5 2. b3 d5 3. e3 Nc6 4. g3 Nf6 5. Ne2 d4 6. Bg2 Bc5 7. O-O O-O 8. Re1
Nb4 9. d3 c6 10. e4 Ng4 11. h3 Nf6 12. Kh2 Be6 13. f4 exf4 14. Nxf4 Nd7 15.
Nxe6 fxe6 16. Na3 Ne5 17. Qh5 Bd6 18. Bd2 g6 19. Qe2 Rc8 20. Bh6 Rf7 21. Rf1
Rcc7 22. Rf2 Rxf2 23. Qxf2 Rf7 24. Qe2 Bf8 25. Bf4 Bg7 26. Rf1 c5 27. Bxe5 Bxe5
28. Rxf7 Kxf7 29. Nc4 Bb8 30. e5 b6 31. Qf3+ Ke8 32. Qb7 Qc7 33. Nd6+ Kf8 34.
Qf3+ Kg8 35. Qf6 Qd7 36. h4 Nd5 37. Bxd5 exd5 38. h5 Bxd6 39. exd6 Qf7 40.
Qxf7+ Kxf7 41. hxg6+ hxg6 42. Kh3 Ke6 43. Kg4 Kxd6 44. Kg5 a6 45. Kxg6 b5 46.
g4 c4 47. g5 Ke5 48. Kf7 Kf4 49. g6 Ke3 50. g7 Kd2 51. g8=Q Kxc2 52. dxc4 dxc4
53. bxc4 bxc4 54. Qg6+ d3 55. Qxa6 c3 56. a5 d2 57. Qe2 Kc1 58. Qc4 d1=Q 59.
Qxc3+ Kb1 60. Qb4+ Ka1 61. Qa3+ Kb1 62. a6 Qd5+ 63. Ke7 Qg5+ 64. Kd7 Qg7+ 65.
Kc6 Qg6+ 66. Qd6 Qe8+ 67. Kb7 Qe4+ 68. Qc6 Qe7+ 69. Qc7 Qe4+ 70. Ka7 Ka2 71.
Qa5+ Kb2 72. Qc7 Ka2 73. Qf7+ Ka1 74. Qf6+ Ka2 75. Kb8 Qb4+ 76. Kc7 Qc4+ 77.
Qc6 Qf7+ 78. Kb6 Qf2+ 79. Qc5 Qf6+ 80. Ka5 Qd8+ 81. Kb4 Qd2+ 82. Qc3 Qd6+ 83.
Kb5 Qd7+ 84. Qc6 Qf5+ 85. Kb6 Qf2+ 86. Qc5 Qf6+ 87. Kb7 Qf7+ 88. Qc7 Qf3+ 89.
Kb8 Qf8+ 90. Qc8 Qd6+ 91. Ka8 Qd5+ 92. Qb7 Qd8+ 93. Ka7 Qd4+ 94. Ka8 Qd8+ 95.
Qb8 Qd5+ 96. Qb7 Qd8+ 97. Ka7 Qd4+ 98. Kb8 Qd8+ 99. Qc8 Qb6+ 100. Qb7 Qd8+ 101.
Qc8 Qd6+ 102. Ka8 Qd5+ 103. Qb7 Qd8+ 104. Qb8 Qd5+ 105. Ka7 Qc5+ 106. Qb6 Qe7+
107. Qb7 Qc5+ 108. Ka8 Qf8+ 109. Qb8 Qf3+ 110. Ka7 Qe3+ 111. Ka8 Qe4+ 112. Qb7
Qe8+ 113. Ka7 Qe3+ 114. Qb6 Qe7+ 115. Qb7 Qe3+ 116. Kb8 Qe5+ 117. Ka8 Qe8+ 118.
Qb8 Qe4+ 119. Qb7 Qe8+ 120. Qb8 Qe4+ 121. Ka7 Qe3+ 1/2-1/2

[Event "CAN-op U2000"]
[Site "Kitchener CAN"]
[Date "2006.07.21"]
[Round "7"]
[White "Mattson, Marvin"]
[Black "Gillanders, Robert"]
[Result "1/2-1/2"]
[WhiteElo "1718"]
[BlackElo "1805"]
[PlyCount "63"]
[EventDate "2006.07.15"]
[EventType "swiss"]
[EventRounds "9"]
[EventCountry "CAN"]

1. c4 Nf6 2. g3 g6 3. Bg2 Bg7 4. Nc3 c5 5. e4 Nc6 6. Nge2 O-O 7. O-O d6 8. d3
a6 9. Rb1 Rb8 10. f4 Bg4 11. h3 Bxe2 12. Nxe2 Qd7 13. Be3 b5 14. f5 bxc4 15.
dxc4 Ne5 16. b3 Qc7 17. Qd2 Rfe8 18. g4 Rb4 19. Nf4 g5 20. Nd5 Nxd5 21. exd5 h6
22. Be4 Bf6 23. Kg2 a5 24. Qe2 Ra8 25. Bd2 Rb7 26. a4 Kg7 27. Bc2 Rg8 28. Qe1
Ra7 29. Bc3 Kf8 30. Qe2 Ra8 31. Bd2 Ke8 32. Rbe1 1/2-1/2

[Event "CAN-op U2000"]
[Site "Kitchener CAN"]
[Date "2006.07.21"]
[Round "7"]
[White "McKay, Brian"]
[Black "McClelland, Tom"]
[Result "1/2-1/2"]
[WhiteElo "1720"]
[BlackElo "1820"]
[PlyCount "60"]
[EventDate "2006.07.15"]
[EventType "swiss"]
[EventRounds "9"]
[EventCountry "CAN"]

1. d4 Nf6 2. Nf3 g6 3. Bf4 d6 4. h3 Bg7 5. e3 c6 6. Be2 Nbd7 7. O-O O-O 8. Nbd2
Re8 9. c3 e5 10. dxe5 dxe5 11. Bg3 h6 12. a4 a5 13. Qc2 e4 14. Nd4 Nb6 15. Rad1
Qe7 16. Qb3 Nfd5 17. Nc4 Nxc4 18. Bxc4 Rd8 19. Rd2 Bxd4 20. Rxd4 Be6 21. Rfd1
b5 22. axb5 a4 23. Qa2 a3 24. bxc6 axb2 25. Qxb2 Nxe3 26. Rxd8+ Rxd8 27. Rxd8+
Qxd8 28. Bxe6 Qd1+ 29. Kh2 Nf1+ 30. Kg1 Ne3+ 1/2-1/2

[Event "CAN-op U2000"]
[Site "Kitchener CAN"]
[Date "2006.07.21"]
[Round "7"]
[White "Me, Kevin"]
[Black "Baxted, Peter"]
[Result "1-0"]
[WhiteElo "1817"]
[BlackElo "1685"]
[PlyCount "59"]
[EventDate "2006.07.15"]
[EventType "swiss"]
[EventRounds "9"]
[EventCountry "CAN"]

1. e4 e5 2. Nf3 Nc6 3. Bb5 f5 4. Nc3 Nf6 5. d3 Bb4 6. O-O d6 7. Nd5 Bc5 8. Bg5
fxe4 9. dxe4 a6 10. Nxf6+ gxf6 11. Nxe5 dxe5 12. Qxd8+ Kxd8 13. Bxf6+ Ne7 14.
Rfd1+ Bd6 15. Bxh8 axb5 16. Bxe5 Kd7 17. Bxd6 cxd6 18. a3 Ke6 19. Rd3 Ke5 20.
Rad1 Ra6 21. f4+ Kxf4 22. Rxd6 Nc6 23. Rh6 Kxe4 24. Rxh7 b4 25. axb4 Ra2 26. b5
Ne5 27. Re1+ Kf4 28. Rc7 Bh3 29. Rf1+ Ke3 30. Re7 1-0